000 00534nam a22002057a 4500
003 OSt
005 20140310182808.0
008 130218t xxu||||| |||| 00| 0 eng d
020 _a0619216740
050 _aQA 76.73.S67
_b.P73 2005
100 _aPratt, Philip J.
245 _aA guide to SQL /
_c Philip J. Pratt.
260 _aBoston :
_bThomson/Course Technology,
_c2005.
300 _a294 p. :
_c24 cm.
_bill. ;
521 _aIT
562 _e1
650 _aInformation Technology
942 _2lcc
_cBK
_kFOR
999 _c16128
_d16128